000 00369pab a2200157 454500
008 180718b2011 xxu||||| |||| 00| 0 eng d
100 _aMartell, Luke
245 _aCosmopolitanism and global politics
260 _c2011
300 _ap.618-627.
362 _aOct-Dec
650 _aCosmopolitanism
773 _aPolitical Quarterly
908 _aN
909 _a94306
999 _c94306
_d94306